Il problema della pena criminale tra filosofia greca e diritti romano
Salvato in:
| Natura: | Libro |
|---|---|
| Lingua: | italiano |
| Pubblicazione: |
Nápoles
Jovene
1993
|
| Serie: | Studi Economico-giuridici, 54
|
| Soggetti: | |
| Tags: |
Aggiungi Tag
Nessun Tag, puoi essere il primo ad aggiungerne!!
|
MARC
| LEADER | 00000nam a2200000 a 4500 | ||
|---|---|---|---|
| 001 | UCO5171 | ||
| 003 | CL-VaPUC | ||
| 005 | 20210313002037.0 | ||
| 008 | 000825e19930000it 1 ita d | ||
| 082 | 0 | 4 | |a 340.54 |b PRO |2 21 |
| 245 | 1 | 3 | |a Il problema della pena criminale tra filosofia greca e diritti romano |
| 260 | |a Nápoles |b Jovene |c 1993 | ||
| 300 | |a 436 p | ||
| 490 | 0 | |a Studi Economico-giuridici, 54 | |
| 583 | |a last modification |c 20000825 00:00:00 |k Rodrigo Vera | ||
| 650 | 0 | 0 | |a Derecho romano |9 255930 |
| 650 | 0 | 7 | |a PENA CRIMINAL |2 CL-VaPUC |9 450864 |
| 650 | 0 | 0 | |a Filosofía griega |9 265579 |
| 942 | |c BK | ||
| 945 | |a cmena |d 20000825 00:00:00 | ||
| 546 | |a En Italiano | ||
| 518 | |p Colloque de Philosophie Pénale, 2, Cagliari, 20 al 22 de abril de 1989 | ||
| 999 | |c 383581 |d 383579 | ||
| 952 | |0 0 |1 0 |4 0 |6 340_540000000000000_PRO_1993 |7 0 |8 DER_ROM |9 505744 |a BIBDER |b BIBDER |d 2020-01-23 |i 3592146 |o 340.54 PRO 1993 |p 3592146 |r 2023-01-25 |w 2020-01-23 |x Ubicación 4to piso |y BK |z Este recurso debe solicitarse con anticipación |k DER | ||